000 01310nas a2200385 i 4500
001 2173
003 ES-MaACL
005 20250809062534.0
007 t|
008 950801c1948 it | | 1 ||ta d
080 _a(45)
080 _a34
245 0 0 _aRivista italiana di diritto penale /
_cdir. Giacomo Delitala, Francesco Antolisei, Biagio Petrocelli.
246 0 3 _aRivista italiana di diritto e procedura penale
260 _aMilano :
_bA. Giuffre,
_c1948- (
_eVarese :
_fA.L.A)
300 _a53 v. ;
_c25 cm.
310 _aTrimestral
321 _aBimestral,
_b1948-53
321 _aAnual,
_b1954-55
321 _aBimestral,
_b1956-57
321 _aAnual,
_b1958-73
362 0 _aAño I (1948)-
650 1 7 _aDerecho
_2embne
_911602
655 7 _2tgfbne
_9226866
_aRevistas
700 1 _aDelitala, Giacomo,
_9194419
700 1 _aAntolisei, Francesco,
_9194420
700 1 _aPetrocelli, Biagio,
_9194421
700 1 _aLeone, G.,
_9227631
852 _aES-MaACL
_jHEM-H-139
_dOlim: HEM-1169
856 _uhttps://dialnet.unirioja.es/servlet/revista?codigo=1311
_ySumarios de la revista en Dialnet
866 0 _o1952-1991(1992-1993)1994-2004.
_u1992 (n.3) 1993 (n.2-4)
942 _2udc
_cPERIODICA
999 _c2173
_d2173